Normal view
MARC view
Entry Personal Name
001 - CONTROL NUMBER
- control field: 5399
003 - CONTROL NUMBER IDENTIFIER
- control field: OCoLC
005 - DATE AND TIME OF LATEST TRANSACTION
- control field: 20190408213121.0
008 - FIXED-LENGTH DATA ELEMENTS
- fixed length control field: 840810n| acannaabn |a aaa
010 ## - LIBRARY OF CONGRESS CONTROL NUMBER
- LC control number: n 84014447
040 ## - CATALOGING SOURCE
- Original cataloging agency: DLC
- Language of cataloging: eng
- Transcribing agency: DLC
- Modifying agency: DLC
100 1# - HEADING--PERSONAL NAME
- Personal name: Karabekir, Kazım,
- Dates associated with a name: 1882-1948
400 0# - SEE FROM TRACING--PERSONAL NAME
- Personal name: Kazım Zeyrek
400 1# - SEE FROM TRACING--PERSONAL NAME
- Personal name: Qarabakir, Kazım
670 ## - SOURCE DATA FOUND
- Source citation: His İttihat ve Terakki Cemiyeti, 1982:
- Information found: t.p. (Kâzım Karabekir) p. 9, etc. (b. Istanbul, 7/11/1882; called Kâzım Zeyrek; took surname Karabekir, 1911; Turkish general, member of parliament; d. 1/26/48)
670 ## - SOURCE DATA FOUND
- Source citation: LC data base, 8-2-84
- Information found: (hdg.: Karabekir, Kâzım)
670 ## - SOURCE DATA FOUND
- Source citation: Qarabäkir äfsanäsi, 2001:
- Information found: p. 6 (Kazım Qarabäkir)
672 ## - TITLE RELATED TO THE ENTITY
- Bibliographic record control number: 20783
700 ## - ESTABLISHED HEADING LINKING ENTRY--PERSONAL NAME
- Authority record control number or standard number: (DLC)n 84014447
- Source of heading or term: lcsh



